Guess the song: Taylor Swift - Statistics

General Stats
  • This quiz has been taken 2,233 times
  • The average score is 11 of 15
Answer Stats
Song Lyrics Answer % Correct
But she wears short skirts I wear T-shirts She's cheer captain And I'm on the bleachers You belong with me
97%
So hey, let's be friends I'm dying to see how this one ends Grab your passport and my hand I can make the bad guys good for a weekend Blank Space
95%
You got that James Dean daydream look in your eye And I got that red lip, classic thing that you like Style
94%
Can we go, where you go? Can we always be this close? Lover
92%
But I keep cruising, can't stop, won't stop moving It's like I got this music in my mind, sayin' it's gonna be alright Shake it off
92%
I remember when we broke up, the first time Saying, "This is it, I've had enough" We are never ever ever getting back together
91%
And control your urges to scream about all the people you hate 'Cause shade never made anybody less gay You need to calm down
88%
So I sneak out to the garden to see you We keep quiet, 'cause we're dead if they knew Love Story
83%
Drop everything now Meet me in the pouring rain Kiss me on the sidewalk Take away the pain Sparks Fly
81%
It's your freshman year And you're gonna be here for the next four years Fifteen
66%
And I think about summer, all the beautiful times I watched you laughing from the passenger side And realized I'd loved you in the fall Back to December
62%
No apologies He'll never see you cry Pretend he doesn't know That he's the reason why I knew you were Trouble
54%
This ain't Hollywood, this is a small town, I was a dreamer before you went and let me down White horse
52%
It's getting dark and its all too quiet And I can't trust anything now And its comin' over you like its all a big mistake Haunted
49%
Don't you dare look out your window, darling everything's on fire Safe and Sound
35%
No matching quizzes found
Score Distribution
Percent of People with Each Score
Percentile by Number Answered
Your Score History
You have not taken this quiz